000 00518nam a2200145Ia 4500
008 100204s9999 xx 000 0 und d
082 _b24381
100 _aकल्पान संजय
245 _aमाहितीचा महामार्ग
260 _b"ग्रंथाली ज्ञानयज्ञ , मुंबई"
_c2000
300 _a74
630 _aमाहितीचा महामार्ग
730 _aमाहितीचा महामार्ग
942 _cBOOK
999 _c469562
_d469559